[Event "Euskadi ch 2010"]
[Site "Zornotza ESP"]
[Date "2010.04.09"]
[Round "5.5"]
[White "Trigo Urquijo, Sergio"]
[Black "Argandona Riveiro, Inigo"]
[Result "1-0"]
[WhiteElo "2243"]
[BlackElo "2388"]
[PlyCount "113"]
[EventDate "2010.04.05"]
[EventType "swiss"]
[EventRounds "9"]
[EventCountry "ESP"]
[Source "lmi"]
[SourceDate "2010.04.05"]

1. e4 d6 2. d4 Nf6 3. Nc3 Nbd7 4. g4 h6 5. h3 c5 6. Nge2 a6 7. Bg2 e6 8. Be3
Qc7 9. dxc5 Nxc5 10. Qd2 Bd7 11. Nd4 O-O-O 12. a4 b6 13. O-O e5 14. Nf5 Bc6 15.
Ng3 Rd7 16. b4 Ncxe4 17. Ngxe4 Nxe4 18. Nxe4 d5 19. Qe2 dxe4 20. Qxa6+ Bb7 21.
Qb5 Bc6 22. Qc4 Bd5 23. Qxc7+ Kxc7 24. a5 b5 25. c3 g6 26. Bb6+ Kc6 27. Rfd1 f5
28. Be3 Be7 29. a6 h5 30. a7 Kb7 31. Ra5 Bc6 32. Rda1 Ra8 33. Bf1 f4 34. Bc5
Bxc5 35. bxc5 Rd5 36. Bxb5 Rxc5 37. Bxc6+ Kxc6 38. Rxc5+ Kxc5 39. Ra5+ Kc4 40.
Rxe5 Kd3 41. Ra5 hxg4 42. hxg4 Kxc3 43. Kf1 f3 44. g5 Kb4 45. Ra1 Kc5 46. Ke1
Kd4 47. Kd2 e3+ 48. fxe3+ Ke4 49. Ra3 Kf5 50. Ke1 Kxg5 51. Kf2 Kg4 52. Ra4+ Kh3
53. Kxf3 g5 54. Kf2 Kh2 55. Ra5 Rf8+ 56. Ke2 Ra8 57. Kf3 1-0

[Event "Euskadi ch 2010"]
[Site "Zornotza ESP"]
[Date "2010.04.09"]
[Round "5.6"]
[White "Agirretxe San Sebastian, Jesus"]
[Black "Arnaez Gil, Juan Ignacio"]
[Result "1/2-1/2"]
[WhiteElo "2153"]
[BlackElo "2242"]
[PlyCount "71"]
[EventDate "2010.04.05"]
[EventType "swiss"]
[EventRounds "9"]
[EventCountry "ESP"]
[Source "lmi"]
[SourceDate "2010.04.05"]

1. d4 d5 2. Nf3 c6 3. c4 Nf6 4. e3 Bf5 5. Nc3 e6 6. Nh4 Bg4 7. Qb3 Qb6 8. h3
Bh5 9. g4 Bg6 10. Nxg6 hxg6 11. g5 Nfd7 12. f4 Na6 13. c5 Qxb3 14. axb3 Nc7 15.
Bd2 Be7 16. Bd3 b6 17. b4 b5 18. Kf2 a6 19. Ne2 Nf8 20. Kg3 f5 21. Nc1 Bd8 22.
Be2 Kd7 23. Nd3 Kc8 24. Ne5 Kb7 25. h4 Rg8 26. h5 gxh5 27. Bxh5 g6 28. Be2 Be7
29. Rh6 Rg7 30. Rah1 Rc8 31. Rh8 Ra8 32. Bc3 Rc8 33. R1h6 Ra8 34. Be1 Rc8 35.
Kg2 Ra8 36. Bc3 1/2-1/2

[Event "Euskadi ch 2010"]
[Site "Zornotza ESP"]
[Date "2010.04.09"]
[Round "5.7"]
[White "Alcaide Luque, Aitor"]
[Black "Limeres Guiance, Cristobal"]
[Result "0-1"]
[WhiteElo "2144"]
[BlackElo "2239"]
[PlyCount "64"]
[EventDate "2010.04.05"]
[EventType "swiss"]
[EventRounds "9"]
[EventCountry "ESP"]
[Source "lmi"]
[SourceDate "2010.04.05"]

1. d4 e6 2. Nf3 f5 3. g3 b5 4. a4 b4 5. Bg2 Bb7 6. c4 Nf6 7. O-O Be7 8. d5 g6
9. Ng5 exd5 10. cxd5 Bd6 11. e4 fxe4 12. Nxe4 Nxe4 13. Bxe4 O-O 14. Qg4 Qf6 15.
Bg5 Qf7 16. Qd1 Na6 17. Be3 Nc5 18. Bg2 Rab8 19. Qc2 b3 20. Qc3 Bxd5 21. Bxc5
Bxg2 22. Bxd6 Bxf1 23. Bxf8 Rxf8 24. Qe3 Re8 25. Qc3 Qd5 26. f3 Bh3 27. Nd2 Re2
28. Ne4 Qe6 29. Rd1 Rc2 30. Qd4 Qb6 31. Nf6+ Kf7 32. Nxh7 Rc1 0-1

[Event "Euskadi ch 2010"]
[Site "Zornotza ESP"]
[Date "2010.04.09"]
[Round "5.8"]
[White "Diez Fraile, David"]
[Black "Guijarro Galan, Jose Luis"]
[Result "1/2-1/2"]
[WhiteElo "2168"]
[BlackElo "2104"]
[PlyCount "120"]
[EventDate "2010.04.05"]
[EventType "swiss"]
[EventRounds "9"]
[EventCountry "ESP"]
[Source "lmi"]
[SourceDate "2010.04.05"]

1. e4 c5 2. Nf3 e6 3. c3 Nc6 4. d4 cxd4 5. cxd4 d5 6. e5 Qb6 7. Nc3 Bd7 8. Be2
Nge7 9. O-O Nf5 10. Na4 Qd8 11. Bg5 Be7 12. Bxe7 Qxe7 13. Rc1 h5 14. Nc5 Rb8
15. Bb5 O-O 16. Nxd7 Qxd7 17. Bxc6 bxc6 18. Qd2 Qb7 19. b3 Qb4 20. Rc3 Rfc8 21.
Rfc1 a5 22. g3 Rb6 23. h3 a4 24. Qf4 axb3 25. Rxb3 Qa5 26. Rxb6 Qxb6 27. g4
hxg4 28. hxg4 Nh6 29. Nh4 Ra8 30. g5 Nf5 31. Nxf5 exf5 32. Qxf5 Qxd4 33. Rxc6
Re8 34. Rc7 Qxe5 35. Rxf7 Qxf5 36. Rxf5 Ra8 37. Rxd5 Rxa2 38. g6 Kf8 39. Rf5+
Ke8 40. Rf7 Ra6 41. Rxg7 Kf8 42. Rb7 Rxg6+ 43. Kf1 Rf6 44. Rb3 Kf7 45. Ke2 Ra6
46. f4 Kf6 47. Kf3 Rc6 48. Kg4 Ra6 49. Rh3 Kg7 50. Rh5 Rg6+ 51. Kf5 Ra6 52. Ke4
Kg6 53. Rb5 Kf6 54. Kf3 Rc6 55. Kg4 Ra6 56. Rb8 Rc6 57. Rf8+ Kg7 58. Rf5 Rg6+
59. Kf3 Ra6 60. Kg4 Rg6+ 1/2-1/2

[Event "Euskadi ch 2010"]
[Site "Zornotza ESP"]
[Date "2010.04.09"]
[Round "5.9"]
[White "Gutierrez Bustillo, Diego"]
[Black "Varas, Carlos"]
[Result "0-1"]
[WhiteElo "2020"]
[BlackElo "2254"]
[PlyCount "114"]
[EventDate "2010.04.05"]
[EventType "swiss"]
[EventRounds "9"]
[EventCountry "ESP"]
[Source "lmi"]
[SourceDate "2010.04.05"]

1. e4 c5 2. Nc3 e6 3. g3 d5 4. d3 dxe4 5. Nxe4 Bd7 6. Be3 Bc6 7. f3 Nd7 8. Bg2
Ngf6 9. Nh3 Be7 10. O-O O-O 11. Qe2 Rc8 12. c3 Nd5 13. Bf2 e5 14. f4 exf4 15.
Nxf4 Nxf4 16. gxf4 Re8 17. Qh5 g6 18. Qh3 f5 19. Nd2 Nf6 20. Bxc6 Rxc6 21. Nc4
Nh5 22. Qf3 Bh4 23. Ne5 Bxf2+ 24. Rxf2 Rce6 25. Re1 Qh4 26. d4 cxd4 27. cxd4
Qd8 28. Qxb7 Qxd4 29. Qf3 Nxf4 30. Qxf4 Qxf4 31. Rxf4 Rxe5 32. Rxe5 Rxe5 33.
Ra4 Re7 34. Kf2 Kg7 35. Ra6 Kh6 36. b4 Kg5 37. Kg3 Rc7 38. b5 Rc3+ 39. Kg2 Rc2+
40. Kf3 Rc3+ 41. Kg2 Rc7 42. a4 Rd7 43. Rc6 Kh5 44. Rc4 g5 45. Rb4 Rd2+ 46. Kg3
Rd3+ 47. Kg2 Ra3 48. Rc4 h6 49. Rd4 f4 50. Rc4 Kg4 51. Rc6 Rxa4 52. Rxh6 Ra2+
53. Kg1 Kf3 54. Rh3+ Ke2 55. Rb3 f3 56. Rb1 g4 57. Rf1 Rd2 0-1

[Event "Euskadi ch 2010"]
[Site "Zornotza ESP"]
[Date "2010.04.09"]
[Round "5.10"]
[White "Lakunza Plazaola, Asier"]
[Black "Iglesias Balbas, Ruben"]
[Result "1/2-1/2"]
[WhiteElo "2093"]
[BlackElo "1973"]
[PlyCount "85"]
[EventDate "2010.04.05"]
[EventType "swiss"]
[EventRounds "9"]
[EventCountry "ESP"]
[Source "lmi"]
[SourceDate "2010.04.05"]

1. e4 e6 2. d4 c5 3. Nf3 cxd4 4. Nxd4 Nf6 5. Bd3 Nc6 6. Be3 d5 7. Nd2 e5 8.
N4f3 d4 9. Bg5 Bb4 10. O-O Bg4 11. h3 Bxd2 12. Bxd2 Bh5 13. b4 Qc7 14. Qe2 O-O
15. b5 Nd8 16. Rac1 Ne6 17. c3 Bxf3 18. Qxf3 Qd6 19. Rfd1 Rac8 20. cxd4 Nxd4
21. Qe3 Rfd8 22. Bc3 Qe6 23. Bf1 h6 24. a4 Nb3 25. Rxd8+ Rxd8 26. Rb1 b6 27. f3
Nc5 28. a5 Nfd7 29. Ra1 Nb3 30. Ra3 Ndc5 31. axb6 axb6 32. Ra7 Rd1 33. Qe2 Rd8
34. Qc4 Rd1 35. Qe2 Rd8 36. Qc4 Rd1 37. Ra8+ Kh7 38. Qe2 Rd7 39. Rb8 Qd6 40.
Re8 Nd4 41. Qa2 Nce6 42. Kh2 Rc7 43. Qb2 1/2-1/2

[Event "Euskadi ch 2010"]
[Site "Zornotza ESP"]
[Date "2010.04.09"]
[Round "5.11"]
[White "Diaz Herrero, Alvaro"]
[Black "Villalta Bustillo, Igor"]
[Result "0-1"]
[WhiteElo "2144"]
[BlackElo "2157"]
[PlyCount "44"]
[EventDate "2010.04.05"]
[EventType "swiss"]
[EventRounds "9"]
[EventCountry "ESP"]
[Source "lmi"]
[SourceDate "2010.04.05"]

1. e4 e5 2. d4 exd4 3. Nf3 Nf6 4. e5 Ne4 5. Qxd4 d5 6. exd6 Nxd6 7. Nc3 Nc6 8.
Qf4 Nf5 9. Bb5 Bd6 10. Qe4+ Qe7 11. Bxc6+ bxc6 12. Bd2 O-O 13. Qxe7 Bxe7 14.
O-O-O Bd6 15. Rhe1 c5 16. Nd5 Bb7 17. c4 Nd4 18. Ne5 Rfe8 19. Nd3 Ne2+ 20. Kb1
Rab8 21. Ne3 Be4 22. Ba5 Nf4 0-1

[Event "Euskadi ch 2010"]
[Site "Zornotza ESP"]
[Date "2010.04.10"]
[Round "6"]
[White "Franco Alonso, Alejandro"]
[Black "Martin Alvarez, Inigo"]
[Result "1-0"]
[WhiteElo "2472"]
[BlackElo "2289"]
[PlyCount "58"]
[EventDate "2010.04.05"]
[EventType "swiss"]
[EventRounds "9"]
[EventCountry "ESP"]
[Source "lmi"]
[SourceDate "2010.04.05"]

1. d4 d5 2. c4 c6 3. Nf3 Nf6 4. e3 a6 5. Bd3 Bg4 6. Nbd2 e6 7. Qc2 Bh5 8. O-O
Nbd7 9. b3 Bd6 10. Bb2 Qb8 11. h3 Bg6 12. e4 dxe4 13. Nxe4 Nxe4 14. Bxe4 Nf6
15. Bxg6 hxg6 16. Rad1 Qc7 17. Rd3 O-O-O 18. Re1 Rh5 19. Bc1 Rdh8 20. Qe2 Bf4
21. Bxf4 Qxf4 22. Ne5 Rf8 23. b4 Nd7 24. Nxd7 Kxd7 25. d5 cxd5 26. cxd5 e5 27.
Rf3 Qd4 28. Qc2 Rhh8 29. d6 f5 1-0

[Event "Euskadi ch 2010"]
[Site "Zornotza ESP"]
[Date "2010.04.10"]
[Round "6"]
[White "Sarralde Osua, Rodrigo"]
[Black "Trigo Urquijo, Sergio"]
[Result "1-0"]
[WhiteElo "2245"]
[BlackElo "2243"]
[PlyCount "81"]
[EventDate "2010.04.05"]
[EventType "swiss"]
[EventRounds "9"]
[EventCountry "ESP"]
[Source "lmi"]
[SourceDate "2010.04.05"]

1. e4 d6 2. d4 Nf6 3. Nc3 e5 4. dxe5 dxe5 5. Qxd8+ Kxd8 6. Bc4 Be6 7. Bxe6 fxe6
8. f3 Nc6 9. Be3 Bd6 10. Nb1 Ke7 11. c3 b5 12. Nd2 Na5 13. b3 Rhd8 14. Ke2 Nb7
15. Nh3 Ba3 16. Rad1 Bc5 17. Nf2 Bxe3 18. Kxe3 Nc5 19. Nb1 a5 20. Rxd8 Rxd8 21.
Rc1 Ra8 22. Nd2 Nfd7 23. Rc2 c6 24. g4 Nb7 25. Nd3 Nbc5 26. Nxc5 Nxc5 27. b4
Nd7 28. Nb3 a4 29. Na5 c5 30. c4 cxb4 31. Nc6+ Kf6 32. cxb5 b3 33. axb3 axb3
34. Rb2 Nc5 35. g5+ Kxg5 36. Nxe5 Rb8 37. f4+ Kh5 38. Rg2 g6 39. Nc4 Rxb5 40.
Rg5+ Kh4 41. Nd2 1-0

[Event "Euskadi ch 2010"]
[Site "Zornotza ESP"]
[Date "2010.04.10"]
[Round "6"]
[White "Huerga Leache, Mikel"]
[Black "Alvarez Ibarra, Rafael"]
[Result "1-0"]
[WhiteElo "2446"]
[BlackElo "2390"]
[PlyCount "80"]
[EventDate "2010.04.05"]
[EventType "swiss"]
[EventRounds "9"]
[EventCountry "ESP"]
[Source "lmi"]
[SourceDate "2010.04.05"]

1. e4 e5 2. Nf3 Nc6 3. Bb5 Nf6 4. O-O d6 5. d4 Bd7 6. Nc3 Be7 7. Re1 exd4 8.
Nxd4 O-O 9. Bxc6 bxc6 10. Qf3 c5 11. Nf5 Bxf5 12. Qxf5 Nd7 13. Nd5 Nb6 14.
Nxe7+ Qxe7 15. b3 Rae8 16. Bb2 Qe6 17. Qf4 Nd7 18. Re3 Ne5 19. Rae1 Qd7 20. Qf5
Qd8 21. h4 Re6 22. h5 Rfe8 23. Rg3 Qh4 24. Rh3 Qe7 25. Ree3 Nc6 26. Qd5 Ne5 27.
Qd1 Qg5 28. Reg3 Qf4 29. f3 Qe3+ 30. Kh2 Rf6 31. Rh4 Rf4 32. Rhh3 Rf6 33. Rh4
Rf4 34. Rhh3 Rf6 35. Bc1 Qd4 36. Qe2 Rfe6 37. Bd2 Qb2 38. f4 Qxc2 39. fxe5 dxe5
40. Rxg7+ Kh8 1-0

[Event "Euskadi ch 2010"]
[Site "Zornotza ESP"]
[Date "2010.04.10"]
[Round "6"]
[White "Limeres Guiance, Cristobal"]
[Black "Perez De Miguel, Alvaro"]
[Result "0-1"]
[WhiteElo "2239"]
[BlackElo "2193"]
[PlyCount "81"]
[EventDate "2010.04.05"]
[EventType "swiss"]
[EventRounds "9"]
[EventCountry "ESP"]
[Source "lmi"]
[SourceDate "2010.04.05"]

1. d4 d5 2. c4 c6 3. cxd5 cxd5 4. Nc3 Nf6 5. Bf4 Nc6 6. e3 a6 7. Bd3 Bg4 8.
Nge2 e6 9. Rc1 Bd6 10. Bg5 Bh5 11. f3 Qc7 12. Bxf6 gxf6 13. f4 f5 14. Qb3 Bxe2
15. Bxe2 Na5 16. Qd1 Rc8 17. O-O Qd7 18. Qe1 Nc4 19. Bxc4 Rxc4 20. Qh4 Qe7 21.
Qh5 Bb4 22. Qh6 Qf8 23. Qxf8+ Rxf8 24. Na4 Bd2 25. Rxc4 Bxe3+ 26. Kh1 dxc4 27.
Nc5 Bxd4 28. Nxb7 Ke7 29. Na5 Rc8 30. Rc1 Bxb2 31. Rxc4 Rxc4 32. Nxc4 Bd4 33.
g3 Kd7 34. Kg2 Kc6 35. Kh3 Kc5 36. Nd2 Bc3 37. Nf3 Bf6 38. g4 a5 39. gxf5 exf5
40. Kg3 Kb4 41. Nd2 0-1

[Event "Euskadi ch 2010"]
[Site "Zornotza ESP"]
[Date "2010.04.10"]
[Round "6"]
[White "Argandona Riveiro, Inigo"]
[Black "Arnaez Gil, Juan Ignacio"]
[Result "0-1"]
[WhiteElo "2388"]
[BlackElo "2242"]
[PlyCount "78"]
[EventDate "2010.04.05"]
[EventType "swiss"]
[EventRounds "9"]
[EventCountry "ESP"]
[Source "lmi"]
[SourceDate "2010.04.05"]

1. Nf3 d5 2. d4 Nf6 3. c4 c6 4. e3 Bf5 5. Nc3 e6 6. Nh4 Bg4 7. Qb3 Qb6 8. h3
Bh5 9. g4 Bg6 10. Nxg6 hxg6 11. g5 Nfd7 12. Qc2 dxc4 13. Bxc4 Be7 14. f4 Na6
15. a3 c5 16. d5 Nc7 17. e4 exd5 18. exd5 a6 19. Be3 Nb5 20. Bxb5 axb5 21.
O-O-O b4 22. d6 bxc3 23. Qxc3 Bf8 24. b4 Qa6 25. Kb2 Bxd6 26. bxc5 Qb5+ 27. Kc2
Bxc5 28. Rxd7 Rxa3 29. Qe5+ Kxd7 30. Rd1+ Kc6 31. Qd5+ Kb6 32. Qd6+ Ka5 33.
Qxc5 Qxc5+ 34. Bxc5 Raxh3 35. Rd5 Ka4 36. Bd4 Rc8+ 37. Kd2 Rc4 38. Rd7 b5 39.
Be5 Kb3 0-1

[Event "Euskadi ch 2010"]
[Site "Zornotza ESP"]
[Date "2010.04.10"]
[Round "6"]
[White "Guijarro Galan, Jose Luis"]
[Black "Astasio Lopez, David"]
[Result "1-0"]
[WhiteElo "2104"]
[BlackElo "2303"]
[PlyCount "43"]
[EventDate "2010.04.05"]
[EventType "swiss"]
[EventRounds "9"]
[EventCountry "ESP"]
[Source "lmi"]
[SourceDate "2010.04.05"]

1. e4 c5 2. Nf3 e6 3. d3 Nc6 4. g3 d5 5. Nbd2 g6 6. Bg2 Bg7 7. O-O Nge7 8. Qe2
O-O 9. e5 Qc7 10. Re1 b6 11. c3 Ba6 12. Nf1 Rae8 13. Bf4 d4 14. c4 b5 15. b3
bxc4 16. bxc4 Qa5 17. N1d2 Rb8 18. Ne4 Rfc8 19. Nf6+ Kh8 20. Ng5 Nd8 21. Ngxh7
Ng8 22. Qg4 1-0

[Event "Euskadi ch 2010"]
[Site "Zornotza ESP"]
[Date "2010.04.10"]
[Round "6"]
[White "Varas, Carlos"]
[Black "Diez Fraile, David"]
[Result "1/2-1/2"]
[WhiteElo "2254"]
[BlackElo "2168"]
[PlyCount "65"]
[EventDate "2010.04.05"]
[EventType "swiss"]
[EventRounds "9"]
[EventCountry "ESP"]
[Source "lmi"]
[SourceDate "2010.04.05"]

1. e4 c5 2. Nf3 d6 3. d4 cxd4 4. Nxd4 Nf6 5. Nc3 g6 6. Be2 Bg7 7. O-O O-O 8.
Be3 Nc6 9. Nb3 Be6 10. f4 Qc8 11. Kh1 Bg4 12. Bg1 Bxe2 13. Qxe2 Qg4 14. Qd2 Nh5
15. Rf3 Bxc3 16. bxc3 b6 17. Re1 Rac8 18. h3 Qe6 19. Bd4 Qc4 20. Bg1 Nf6 21. e5
Ne4 22. Qd3 d5 23. Nd2 Nxd2 24. Qxd2 f5 25. exf6 Rxf6 26. a3 Rcf8 27. Bd4 Nxd4
28. cxd4 Qc7 29. Re5 Rf5 30. Rc3 Qd6 31. Rf3 Qc7 32. Rc3 Qd6 33. Rf3 1/2-1/2

[Event "Euskadi ch 2010"]
[Site "Zornotza ESP"]
[Date "2010.04.10"]
[Round "6"]
[White "Garro Beraza, Haritz"]
[Black "Agirretxe San Sebastian, Jesus"]
[Result "0-1"]
[WhiteElo "2075"]
[BlackElo "2153"]
[PlyCount "82"]
[EventDate "2010.04.05"]
[EventType "swiss"]
[EventRounds "9"]
[EventCountry "ESP"]
[Source "lmi"]
[SourceDate "2010.04.05"]

1. e4 e6 2. d3 d5 3. Nd2 Nf6 4. Ngf3 b6 5. Qe2 dxe4 6. dxe4 Ba6 7. c4 Nc6 8. e5
Nd7 9. a3 g5 10. Qe4 Bb7 11. h3 Ncxe5 12. Qe3 Nxf3+ 13. Nxf3 h6 14. Bd3 Bg7 15.
Bc2 Qe7 16. O-O Qc5 17. Qe2 Qc6 18. Re1 O-O-O 19. Qf1 Ba6 20. Nd2 f5 21. Rb1
Ne5 22. b4 Bb7 23. b5 Qc5 24. Nb3 Qxc4 25. Qxc4 Nxc4 26. Rxe6 Nd6 27. a4 Rhe8
28. Rg6 Re1+ 29. Kh2 Be5+ 30. f4 gxf4 31. Bb2 Rxb1 32. Bxe5 Rf1 33. Bd3 Rf2 34.
Bd4 Ra2 35. Bf6 Re8 36. Nc1 Rxa4 37. Ne2 f3 38. gxf3 Bxf3 39. Nc3 Rb4 40. Rg7
f4 41. Be7 Rxe7 0-1

[Event "Euskadi ch 2010"]
[Site "Zornotza ESP"]
[Date "2010.04.10"]
[Round "6"]
[White "Villalta Bustillo, Igor"]
[Black "Lakunza Plazaola, Asier"]
[Result "1-0"]
[WhiteElo "2157"]
[BlackElo "2093"]
[PlyCount "83"]
[EventDate "2010.04.05"]
[EventType "swiss"]
[EventRounds "9"]
[EventCountry "ESP"]
[Source "lmi"]
[SourceDate "2010.04.05"]

1. d4 d5 2. Nf3 c6 3. e3 Bf5 4. Bd3 Bxd3 5. Qxd3 Nf6 6. Nbd2 g6 7. e4 dxe4 8.
Nxe4 Nxe4 9. Qxe4 Bg7 10. O-O Qd5 11. Qe2 e6 12. c4 Qf5 13. Be3 O-O 14. Rad1
Nd7 15. Rfe1 Rfd8 16. Qd2 Nb6 17. Qb4 Rd7 18. Bg5 h6 19. Bh4 Qc2 20. Rc1 Qa4
21. Qxa4 Nxa4 22. b3 Nb6 23. a4 g5 24. Bg3 Rad8 25. a5 Nc8 26. a6 bxa6 27. Ne5
Bxe5 28. Bxe5 Rb7 29. Bf6 Ne7 30. h4 gxh4 31. Re4 Kh7 32. Rc3 Rdb8 33. Rxh4 Nf5
34. Rhh3 Rd7 35. Rhf3 Kg6 36. Be5 Rbd8 37. g4 Nxd4 38. Rf6+ Kg5 39. Kg2 h5 40.
f4+ Kxg4 41. Rg3+ Kh4 42. Rh6 1-0

[Event "Euskadi ch 2010"]
[Site "Zornotza ESP"]
[Date "2010.04.10"]
[Round "6"]
[White "Iglesias Balbas, Ruben"]
[Black "Alcaide Luque, Aitor"]
[Result "0-1"]
[WhiteElo "1973"]
[BlackElo "2144"]
[PlyCount "64"]
[EventDate "2010.04.05"]
[EventType "swiss"]
[EventRounds "9"]
[EventCountry "ESP"]
[Source "lmi"]
[SourceDate "2010.04.05"]

1. c4 Nf6 2. Nc3 d5 3. cxd5 Nxd5 4. g3 Nxc3 5. bxc3 Qd5 6. Nf3 e5 7. d3 Nc6 8.
Bg2 Bg4 9. O-O Bd6 10. Qa4 Bd7 11. Qc2 Qe6 12. Ng5 Qg6 13. Be4 f5 14. Bd5 Nd8
15. e4 f4 16. Nf3 Bg4 17. Nh4 Qh5 18. d4 Be2 19. Nf5 Qf3 20. Qa4+ b5 21. Qb3
Bxf1 22. Kxf1 Rb8 23. Ba3 Qh1+ 24. Ke2 Qxa1 25. Bxd6 cxd6 26. Bc6+ Kf8 27. Qd5
Nf7 28. Nxd6 Qb2+ 29. Kf3 Ng5+ 30. Kg4 h6 31. Kf5 fxg3 32. f4 Qxh2 0-1

[Event "Euskadi ch 2010"]
[Site "Zornotza ESP"]
[Date "2010.04.10"]
[Round "6"]
[White "Hernandez Perez, Jesus"]
[Black "Gutierrez Bustillo, Diego"]
[Result "1-0"]
[WhiteElo "2045"]
[BlackElo "2020"]
[PlyCount "76"]
[EventDate "2010.04.05"]
[EventType "swiss"]
[EventRounds "9"]
[EventCountry "ESP"]
[Source "lmi"]
[SourceDate "2010.04.05"]

1. d4 Nf6 2. Nf3 g6 3. Bf4 Bg7 4. e3 d6 5. Be2 O-O 6. O-O c5 7. c3 Qa5 8. Nbd2
b5 9. a4 b4 10. Nc4 Qd8 11. dxc5 dxc5 12. cxb4 Qxd1 13. Rfxd1 cxb4 14. Nfe5 Bb7
15. Na5 Bd5 16. Rac1 e6 17. Rc7 Ne8 18. Rc8 Nf6 19. Rc7 Ne8 20. Rcc1 Bxe5 21.
Bxe5 Nd7 22. Bf4 Nb6 23. b3 f6 24. f3 e5 25. Bg3 Kg7 26. e4 Bg8 27. Be1 Rf7 28.
Bxb4 Rc7 29. Rxc7+ Nxc7 30. Nc4 Ne6 31. Nxb6 axb6 32. Rd7+ Kh6 33. Bd2+ g5 34.
Bd1 Kg6 35. b4 Nd4 36. Rd6 Bb3 37. Bxb3 Nxb3 38. Bc3 Rxa4 1-0

[Event "Euskadi ch 2010"]
[Site "Zornotza ESP"]
[Date "2010.04.11"]
[Round "7"]
[White "Huerga Leache, Mikel"]
[Black "Sarralde Osua, Rodrigo"]
[Result "1-0"]
[WhiteElo "2446"]
[BlackElo "2245"]
[PlyCount "85"]
[EventDate "2010.04.05"]
[EventType "swiss"]
[EventRounds "9"]
[EventCountry "ESP"]
[Source "lmi"]
[SourceDate "2010.04.05"]

1. e4 c5 2. Nf3 d6 3. d4 cxd4 4. Nxd4 Nf6 5. f3 g6 6. c4 Bg7 7. Nc3 O-O 8. Be3
Nc6 9. Be2 Bd7 10. Qd2 a6 11. O-O Rc8 12. Rac1 Re8 13. Rfd1 Nxd4 14. Bxd4 Be6
15. b3 Qa5 16. Be3 Nd7 17. Nd5 Qxd2 18. Rxd2 Bxd5 19. Rxd5 Rc6 20. Rdd1 Nc5 21.
Kf1 Rec8 22. Rb1 R6c7 23. Bd2 Rc6 24. Rdc1 R6c7 25. Ke1 Bf6 26. Kd1 h5 27. Bf1
Kg7 28. Rc2 Ne6 29. a4 Bg5 30. Bc3+ Bf6 31. Be1 b6 32. a5 b5 33. Ra2 bxc4 34.
Bxc4 Rc6 35. Bd2 Nd4 36. Rc1 e6 37. Bxa6 Nxb3 38. Bxc8 Nxc1 39. Rc2 Rxc2 40.
Kxc2 Ne2 41. Kd3 Nd4 42. a6 Nc6 43. Bb7 1-0

[Event "Euskadi ch 2010"]
[Site "Zornotza ESP"]
[Date "2010.04.11"]
[Round "7"]
[White "Perez De Miguel, Alvaro"]
[Black "Franco Alonso, Alejandro"]
[Result "0-1"]
[WhiteElo "2193"]
[BlackElo "2472"]
[PlyCount "82"]
[EventDate "2010.04.05"]
[EventType "swiss"]
[EventRounds "9"]
[EventCountry "ESP"]
[Source "lmi"]
[SourceDate "2010.04.05"]

1. d4 Nf6 2. Nf3 e6 3. c4 b6 4. g3 Ba6 5. Qa4 Bb7 6. Bg2 c5 7. dxc5 bxc5 8. Nc3
Be7 9. O-O O-O 10. Rd1 Qb6 11. Bf4 d6 12. Qb5 Qc7 13. Qb3 a6 14. Rd2 Nc6 15.
Qd1 Rfd8 16. h3 Rab8 17. g4 Ba8 18. Bg3 Na5 19. b3 Ne4 20. Nxe4 Bxe4 21. Rc1
Nc6 22. Ne1 Bxg2 23. Nxg2 a5 24. Nf4 Bg5 25. h4 Bxf4 26. Bxf4 e5 27. Bg3 a4 28.
bxa4 Qd7 29. e3 Qe6 30. a5 Nxa5 31. Qa4 Ra8 32. g5 Rdb8 33. Rd3 Rb4 34. Qd1
Nxc4 35. Rxc4 Qxc4 36. Rxd6 Rbb8 37. Bxe5 Qe4 38. Qd5 Rb1+ 39. Kh2 Qxh4+ 40.
Kg2 Qh1+ 41. Kg3 Rg1+ 0-1

[Event "Euskadi ch 2010"]
[Site "Zornotza ESP"]
[Date "2010.04.11"]
[Round "7"]
[White "Alvarez Ibarra, Rafael"]
[Black "Martin Alvarez, Inigo"]
[Result "1-0"]
[WhiteElo "2390"]
[BlackElo "2289"]
[PlyCount "69"]
[EventDate "2010.04.05"]
[EventType "swiss"]
[EventRounds "9"]
[EventCountry "ESP"]
[Source "lmi"]
[SourceDate "2010.04.05"]

1. Nf3 d5 2. g3 Nf6 3. Bg2 c6 4. c4 Bf5 5. O-O Nbd7 6. d3 e5 7. b3 Be7 8. Bb2
d4 9. Nbd2 O-O 10. Qc2 Qc7 11. Rae1 Rad8 12. e4 dxe3 13. fxe3 Nc5 14. e4 Nxd3
15. exf5 Qb6+ 16. Kh1 Ng4 17. Ne4 Ne3 18. Rxe3 Qxe3 19. Nxe5 Ne1 20. Qf2 Nxg2
21. Qxg2 f6 22. Qf3 Qb6 23. Ng6 Rfe8 24. Nxe7+ Rxe7 25. Nxf6+ gxf6 26. Bxf6 Qc5
27. Bxe7 Qxe7 28. f6 Qf7 29. Re1 Rd7 30. Qf5 a5 31. Re4 a4 32. Rg4+ Kf8 33. Rg7
Rd1+ 34. Kg2 Rd2+ 35. Kh3 1-0

[Event "Euskadi ch 2010"]
[Site "Zornotza ESP"]
[Date "2010.04.11"]
[Round "7"]
[White "Agirretxe San Sebastian, Jesus"]
[Black "Trigo Urquijo, Sergio"]
[Result "1/2-1/2"]
[WhiteElo "2153"]
[BlackElo "2243"]
[PlyCount "23"]
[EventDate "2010.04.05"]
[EventType "swiss"]
[EventRounds "9"]
[EventCountry "ESP"]
[Source "lmi"]
[SourceDate "2010.04.05"]

1. d4 d5 2. c4 c6 3. cxd5 cxd5 4. Nc3 Nf6 5. Bf4 Nc6 6. e3 a6 7. Rc1 Bf5 8. Bd3
Bxd3 9. Qxd3 e6 10. Nf3 Bd6 11. Bxd6 Qxd6 12. O-O 1/2-1/2

[Event "Euskadi ch 2010"]
[Site "Zornotza ESP"]
[Date "2010.04.11"]
[Round "7"]
[White "Diez Fraile, David"]
[Black "Limeres Guiance, Cristobal"]
[Result "0-1"]
[WhiteElo "2168"]
[BlackElo "2239"]
[PlyCount "83"]
[EventDate "2010.04.05"]
[EventType "swiss"]
[EventRounds "9"]
[EventCountry "ESP"]
[Source "lmi"]
[SourceDate "2010.04.05"]

1. e4 e6 2. d4 d5 3. Nc3 Nf6 4. Bg5 Bb4 5. e5 h6 6. Bd2 Bxc3 7. Bxc3 Ne4 8. Ne2
Nxc3 9. Nxc3 b6 10. Qd2 Ba6 11. O-O-O Qe7 12. f4 g6 13. g3 h5 14. Re1 Bxf1 15.
Rhxf1 Nc6 16. h3 O-O-O 17. Rf3 Kb7 18. Kb1 Na5 19. b3 Qa3 20. Na4 Qe7 21. Nb2
Nc6 22. c3 a5 23. Na4 Na7 24. Ka1 c5 25. dxc5 bxc5 26. Rd3 Nc6 27. Qf2 d4 28.
cxd4 cxd4 29. Rc1 Rd5 30. Rdc3 Nb4 31. Rc4 Rhd8 32. Qd2 d3 33. Qe3 Nc2+ 34.
R1xc2 dxc2 35. Qb6+ Ka8 36. Rxc2 Qb7 37. Qf2 Rd4 38. Qe2 Kb8 39. Nc5 Qb6 40.
Nd7+ Kb7 41. Rc7+ Qxc7 42. Qe3 0-1